000 02489cam a22005054i 4500
003 PE-LiUPU
005 20250731173345.0
008 150616s1980 miu rb 000 0 spa d
035 _a(Sirsi) a479
040 _aPE-LiUPU
_bspa
_cPE-LiUPU
_erda
049 _aPRUA
082 0 4 _a262.77
_bK96c
_223
100 1 _aKuiper, R. B.,
_eautor.
245 1 3 _aEl cuerpo glorioso de Cristo :
_buna apreciación bíblica de lo que es la única y sola iglesia de Cristo /
_c R. B. Kuiper.
264 1 _aMichigan :
_bSubcomisión Literatura Cristiana,
_c1980].
300 _a344 páginas ;
_c21 centímetros.
336 _atext
_2rdacontent
337 _aunmediated
_2rdamedia
338 _avolume
_2rdacarrier
505 0 _aLa antigüedad y perpetuidad de la iglesia -- La iglesia visible e invisible -- La iglesia militante y triunfante -- La iglesia trascendente -- La unidad y la diversidad -- la unidad y la división -- El ideal de la unidad visible -- La santidad -- La catolicidad -- La apostolicidad -- la iluminación -- La progresividad -- La indestructibilidad -- La cabeza gloriosa de la iglesia -- Los miembros armoniosos de la iglesia -- La iglesia y la verdad -- la iglesia y la salvación -- Un organismo y una organización -- Los oficios de privilegio -- El oficio universal -- Los oficios especiales -- El oficio del pastor -- El oficio del anciano gobernante -- El oficio del diácono -- La doble responsabilidad de la iglesia -- La tarea suprema de la iglesia.
526 _aSEG42
526 _aSEG41
526 _aSEG40
526 _aSEG39
526 _aP94
526 _aP87
526 _aP86
526 _aP85
526 _aP77
526 _aP76
526 _aP35
650 0 4 _aCuerpo mistico de Cristo.
650 0 0 _aIglesia
_xCuerpo místico de Cristo
_92182
650 0 0 _aIglesia
_x-Cristianismo
_92183
650 0 4 _aEcumenismo.
_94172
650 0 4 _aIglesia.
910 _ajck
942 _2ddc
_cBK
_n0
949 _a262.77 K96c
_wDEWEY
_c1
_i27672
_lCCODEBUL1
_mBUL
_p00.00
_r0
_sY
_tBOOK
_u19820702
_xTEOLOGIA
_zUNKNOWN
_0COMPRA
_o.STAFF. Colección General
949 _a262.77 K96c
_wDEWEY
_c2
_i20197
_lCCODEBUL1
_mBUL
_p00.00
_r0
_sY
_tBOOK
_u19820702
_xTEOLOGIA
_zUNKNOWN
_0COMPRA
_o.STAFF. Colección General
980 _81
_gALBERTO SANCHEZ Responsable de Automatización
999 _c50091
_d50091